[Event "8th Paul Keres mem"]
[Site "Tallinn URS"]
[Date "1983.02.21"]
[Round "1"]
[White "Arnason, Jon"]
[Black "Schussler, Harry"]
[Result "1/2-1/2"]
[WhiteElo "2460"]
[BlackElo "2485"]
[EventDate "1983.02.21"]
[PlyCount "30"]

1.e4 e5 2.Nf3 Nf6 3.d4 Nxe4 4.Nxe5 d6 5.Nd3 d5 6.g3 Bd6 7.Bg2 O-O 8.O-O 
Bf5 9.Bf4 Nc6 10.c3 Ne7 11.Re1 Re8 12.Bxd6 Nxd6 13.Nf4 c6 14.Nd2 Qb6 15.
Qb3 Ng6 1/2-1/2

[Event "8th Paul Keres mem"]
[Site "Tallinn URS"]
[Date "1983.02.21"]
[Round "1"]
[White "Boensch, Uwe"]
[Black "Vaganian, Rafael"]
[Result "0-1"]
[WhiteElo "2450"]
[BlackElo "2550"]
[EventDate "1983.02.21"]
[PlyCount "106"]

1.d4 Nf6 2.c4 e6 3.Nf3 d5 4.Nc3 Be7 5.Bg5 O-O 6.e3 h6 7.Bxf6 Bxf6 8.cxd5 
exd5 9.Be2 c6 10.O-O Be7 11.a3 Nd7 12.b4 a6 13.Qb3 Bd6 14.a4 Qe7 15.b5 a5 
16.Rac1 Nf6 17.Nd1 Bd7 18.Nb2 Rfb8 19.Rc2 g5 20.Rfc1 Kg7 21.g3 Ng4 22.Ra1 
Bf5 23.Bd3 Qf6 24.Ne1 h5 25.Bxf5 Qxf5 26.Qd3 Qe6 27.Nf3 Qf6 28.Kg2 h4 29.
e4 h3+ 30.Kg1 Be7 31.e5 Qe6 32.Rac1 Rc8 33.bxc6 Rxc6 34.Rxc6 bxc6 35.Nd2 
Rb8 36.Nd1 c5 37.dxc5 Qxe5 38.c6 Qe1+ 39.Nf1 Ne5 40.Qc3 Qxc3 41.Nxc3 Nxc6 
42.Nb5 Nb4 43.Rc7 Bd8 44.Rd7 Bb6 45.Ne3 Rc8 46.Kf1 Bxe3 47.fxe3 Rc2 48.Nd6
Rxh2 49.Nxf7 Rh1+ 50.Kf2 Nd3+ 51.Ke2 Nc5 52.Ra7 h2 53.Ne5+ Kf8 0-1

[Event "8th Paul Keres mem"]
[Site "Tallinn URS"]
[Date "1983.02.21"]
[Round "1"]
[White "Nei, Iivo"]
[Black "Karner, Hillar"]
[Result "0-1"]
[WhiteElo "2495"]
[BlackElo "2405"]
[EventDate "1983.02.21"]
[PlyCount "70"]

1.c4 e5 2.g3 Nc6 3.Bg2 g6 4.Nc3 Bg7 5.d3 Nge7 6.Rb1 O-O 7.b4 d6 8.e3 Nf5 
9.Nge2 h5 10.h3 Nh6 11.b5 Ne7 12.d4 exd4 13.Nxd4 a6 14.a4 axb5 15.axb5 c5 
16.Nde2 Bf5 17.e4 Be6 18.Qd3 Nc8 19.Nf4 Nb6 20.Ncd5 Nxd5 21.cxd5 Bd7 22.
O-O Ra4 23.Bb2 Bxb2 24.Rxb2 Qf6 25.Rfb1 h4 26.Ne2 hxg3 27.Qxg3 Rfa8 28.b6 
Ra1 29.Bf1 R8a3 30.Qf4 Qxf4 31.Nxf4 Kg7 32.Ne2 f6 33.Nc3 Nf7 34.Nb5 Ra5 
35.Nc7 f5 0-1

[Event "8th Paul Keres mem"]
[Site "Tallinn URS"]
[Date "1983.02.21"]
[Round "1"]
[White "Tal, Mikhail"]
[Black "Szekely, Peter"]
[Result "1-0"]
[WhiteElo "2620"]
[BlackElo "2435"]
[EventDate "1983.02.21"]
[PlyCount "69"]

1.e4 c5 2.Nf3 d6 3.d4 cxd4 4.Nxd4 Nf6 5.Nc3 a6 6.Bg5 e6 7.f4 Qb6 8.Qd2 
Qxb2 9.Rb1 Qa3 10.Be2 Nbd7 11.O-O Be7 12.e5 dxe5 13.fxe5 Nxe5 14.Bxf6 gxf6
15.Ne4 f5 16.Rb3 Qa4 17.Qc3 Bd7 18.Nc5 Bxc5 19.Qxc5 Nc6 20.Rd1 Rg8 21.Bf3 
Qa5 22.Qd6 Nxd4 23.Qxd4 Bb5 24.c4 Ba4 25.Rxb7 Kf8 26.Qd6+ Kg7 27.Qxe6 Rgf8
28.Bd5 Qc3 29.Rxf7+ Rxf7 30.Qxf7+ Kh6 31.Qe6+ Kg7 32.Qe7+ Kh6 33.Re1 Qd4+ 
34.Kh1 Ra7 35.Re6+ 1-0

[Event "8th Paul Keres mem"]
[Site "Tallinn URS"]
[Date "1983.02.21"]
[Round "1"]
[White "Veingold, Aleksander"]
[Black "Abramovic, Bosko"]
[Result "0-1"]
[WhiteElo "2430"]
[BlackElo "2475"]
[EventDate "1983.02.21"]
[PlyCount "80"]

1.d4 d5 2.c4 e6 3.Nf3 Nf6 4.Nc3 Be7 5.Bg5 h6 6.Bh4 O-O 7.e3 b6 8.Be2 Bb7 
9.Bxf6 Bxf6 10.cxd5 exd5 11.O-O c6 12.b4 a5 13.b5 c5 14.Rc1 Nd7 15.dxc5 
Nxc5 16.Nd4 Bxd4 17.Qxd4 Ne6 18.Qe5 Re8 19.Bg4 d4 20.Rfd1 d3 21.Qg3 Nc5 
22.Bf3 Bxf3 23.Qxf3 Ra7 24.Ne2 Rd7 25.Nd4 Rd6 26.Nc6 Qg5 27.Rc4 Rf6 28.h4 
Qg6 29.Qh3 Qh5 30.Qg4 Qd5 31.Qd4 Qf5 32.f3 Rfe6 33.e4 Qh5 34.Qf2 Rxe4 35.
Rxe4 Rxe4 36.Rd2 Rxh4 37.Qg3 Kh7 38.Kf2 Rc4 39.Ne5 Qf5 40.Nxc4 Ne4+ 0-1

[Event "8th Paul Keres mem"]
[Site "Tallinn URS"]
[Date "1983.02.22"]
[Round "2"]
[White "Karner, Hillar"]
[Black "Jansa, Vlastimil"]
[Result "1/2-1/2"]
[WhiteElo "2405"]
[BlackElo "2440"]
[EventDate "1983.02.21"]
[PlyCount "28"]

1.Nf3 Nf6 2.c4 c5 3.Nc3 e6 4.g3 b6 5.Bg2 Bb7 6.d3 Be7 7.e4 d6 8.O-O O-O 9.
h3 a6 10.Be3 Nbd7 11.a4 Qc7 12.Ne1 Rad8 13.f4 d5 14.Bf2 dxe4 1/2-1/2

[Event "8th Paul Keres mem"]
[Site "Tallinn URS"]
[Date "1983.02.22"]
[Round "2"]
[White "Schussler, Harry"]
[Black "Ehlvest, Jaan"]
[Result "0-1"]
[WhiteElo "2485"]
[BlackElo "2460"]
[EventDate "1983.02.21"]
[PlyCount "71"]

1.Nf3 Nf6 2.c4 g6 3.b3 Bg7 4.Bb2 O-O 5.g3 d6 6.d4 c6 7.Bg2 Re8 8.O-O Qa5 
9.Nc3 Qh5 10.Qc2 Na6 11.Rfe1 e5 12.dxe5 dxe5 13.Nd2 Ng4 14.h3 Nh6 15.g4 
Qh4 16.Nce4 Qe7 17.c5 f5 18.gxf5 Nxf5 19.Rad1 Nh4 20.Qc3 Nxg2 21.Kxg2 Be6 
22.Nd6 Rf8 23.N2e4 Nc7 24.Qg3 Nd5 25.e3 Bf5 26.Nd2 Bc2 27.Rc1 Bd3 28.N2c4 
Bf6 29.f3 e4 30.Nxe4 Bxb2 31.Nxb2 Rxf3 32.Kxf3 Bxe4+ 33.Ke2 Re8 34.Nc4 Qf6
35.Rf1 Bf5 36.Kd2 0-1

[Event "8th Paul Keres mem"]
[Site "Tallinn URS"]
[Date "1983.02.22"]
[Round "2"]
[White "Szekely, Peter"]
[Black "Boensch, Uwe"]
[Result "1/2-1/2"]
[WhiteElo "2435"]
[BlackElo "2450"]
[EventDate "1983.02.21"]
[PlyCount "37"]

1.d4 c6 2.c4 d5 3.cxd5 cxd5 4.Nc3 Nc6 5.Nf3 Nf6 6.Bf4 e6 7.e3 Be7 8.h3 O-O
9.Bd3 a6 10.O-O b5 11.Rc1 Bb7 12.Ne5 Rc8 13.Nxc6 Rxc6 14.Ne2 Qb6 15.Rxc6 
Qxc6 16.Qc1 Qd7 17.Qc7 Rc8 18.Qxd7 Nxd7 19.Rc1 1/2-1/2

[Event "8th Paul Keres mem"]
[Site "Tallinn URS"]
[Date "1983.02.22"]
[Round "2"]
[White "Vaganian, Rafael"]
[Black "Suba, Mihai"]
[Result "1/2-1/2"]
[WhiteElo "2550"]
[BlackElo "2535"]
[EventDate "1983.02.21"]
[PlyCount "89"]

1.d4 Nf6 2.Nf3 c5 3.d5 e6 4.Nc3 a6 5.e4 b5 6.e5 b4 7.dxe6 dxe6 8.Qxd8+ 
Kxd8 9.Nb1 Nd5 10.Nbd2 Nd7 11.g3 h6 12.Bg2 Rb8 13.O-O g5 14.Nc4 Bg7 15.Re1
Ke7 16.h4 gxh4 17.Nxh4 Bb7 18.f4 N5b6 19.Nxb6 Nxb6 20.f5 Kd7 21.Bxb7 Rxb7 
22.a3 b3 23.f6 Bf8 24.Rd1+ Kc6 25.cxb3 Nd5 26.Rd3 Rg8 27.Bd2 Rd7 28.Nf3 
Nxf6 29.Rxd7 Nxd7 30.Bf4 Bg7 31.Rd1 Rb8 32.Rd6+ Kc7 33.Nd2 Nxe5 34.Rxa6 
Rd8 35.Ne4 Rd5 36.Ra8 f5 37.Nxc5 Rxc5 38.Ra7+ Kd8 39.Rxg7 Ng4 40.Bd2 Rc2 
41.Bc3 e5 42.a4 e4 43.a5 Nh2 44.Bf6+ Kc8 45.Re7 1/2-1/2

[Event "8th Paul Keres mem"]
[Site "Tallinn URS"]
[Date "1983.02.23"]
[Round "3"]
[White "Boensch, Uwe"]
[Black "Abramovic, Bosko"]
[Result "1/2-1/2"]
[WhiteElo "2450"]
[BlackElo "2475"]
[EventDate "1983.02.21"]
[PlyCount "89"]

1.c4 e6 2.d4 d5 3.Nc3 Be7 4.Nf3 Nf6 5.Bg5 h6 6.Bxf6 Bxf6 7.cxd5 exd5 8.e3 
O-O 9.Be2 Be6 10.O-O c6 11.b4 a6 12.Na4 Nd7 13.Nc5 Rb8 14.Rc1 Be7 15.Bd3 
Bd6 16.Nd2 a5 17.f4 Nf6 18.Nxe6 fxe6 19.b5 Qb6 20.bxc6 bxc6 21.Nb3 Nd7 22.
Rf3 c5 23.dxc5 Bxc5 24.Nxc5 Nxc5 25.Bb1 Ne4 26.Qe2 Nc3 27.Rxc3 Qxb1+ 28.
Rf1 Rb2 29.Qg4 Qe4 30.h3 Rf6 31.Qf3 Qb4 32.Rc8+ Kh7 33.Rf2 Qe1+ 34.Rf1 Qd2
35.Qf2 Rxa2 36.Qxd2 Rxd2 37.Ra8 Ra2 38.Ra7 Ra3 39.Rf3 Rg6 40.g4 d4 41.Kf2 
dxe3+ 42.Rxe3 Ra4 43.Kg3 Rf6 44.Rc3 Raxf4 45.Rcc7 1/2-1/2

[Event "8th Paul Keres mem"]
[Site "Tallinn URS"]
[Date "1983.02.23"]
[Round "3"]
[White "Jansa, Vlastimil"]
[Black "Arnason, Jon"]
[Result "1-0"]
[WhiteElo "2440"]
[BlackElo "2460"]
[EventDate "1983.02.21"]
[PlyCount "83"]

1.e4 c5 2.Nf3 d6 3.d4 cxd4 4.Nxd4 Nf6 5.Nc3 a6 6.Be2 e5 7.Nb3 Be7 8.O-O 
O-O 9.Be3 Be6 10.Qd2 Nbd7 11.a4 Rc8 12.a5 Kh8 13.Rfc1 Rg8 14.f3 g5 15.Kh1 
g4 16.f4 exf4 17.Bxf4 Ne5 18.Nd4 Nh5 19.Be3 Bg5 20.Rd1 Qf6 21.Bxg5 Rxg5 
22.Rf1 Qh6 23.Kg1 Rcg8 24.Rad1 Qg6 25.g3 Nf3+ 26.Nxf3 gxf3 27.Qd4+ Rg7 28.
Rxf3 Nxg3 29.hxg3 Rxg3+ 30.Kf2 Rg2+ 31.Ke1 Qg5 32.Qe3 Qh5 33.Rxd6 Qxa5 34.
Rxe6 fxe6 35.Rf8+ Rg8 36.Qd4+ e5 37.Qd6 Rg1+ 38.Kd2 Rxf8 39.Qxf8+ Rg8 40.
Qf6+ Rg7 41.Qf8+ Rg8 42.Qf6+ 1-0

[Event "8th Paul Keres mem"]
[Site "Tallinn URS"]
[Date "1983.02.23"]
[Round "3"]
[White "Nei, Iivo"]
[Black "Schussler, Harry"]
[Result "1/2-1/2"]
[WhiteElo "2495"]
[BlackElo "2485"]
[EventDate "1983.02.21"]
[PlyCount "36"]

1.d4 Nf6 2.Bg5 e6 3.Nd2 d5 4.e4 dxe4 5.Nxe4 Nbd7 6.Nf3 Be7 7.Nxf6+ Nxf6 8.
Bd3 b6 9.Qe2 Bb7 10.O-O O-O 11.h4 Bxf3 12.Qxf3 Qd5 13.Qxd5 Nxd5 14.c4 Nf6 
15.f3 Rfd8 16.g4 Kf8 17.Be3 h5 18.Be2 Rd7 1/2-1/2

[Event "8th Paul Keres mem"]
[Site "Tallinn URS"]
[Date "1983.02.23"]
[Round "3"]
[White "Psakhis, Lev"]
[Black "Vaganian, Rafael"]
[Result "1/2-1/2"]
[WhiteElo "2580"]
[BlackElo "2550"]
[EventDate "1983.02.21"]
[PlyCount "29"]

1.e4 e6 2.d4 d5 3.Nd2 c5 4.exd5 exd5 5.Ngf3 Nc6 6.Bb5 Bd6 7.dxc5 Bxc5 8.
O-O Ne7 9.Nb3 Bd6 10.Re1 O-O 11.Bg5 Bg4 12.h3 Bh5 13.Be2 h6 14.Bxe7 Bxe7 
15.Nfd4 1/2-1/2

[Event "8th Paul Keres mem"]
[Site "Tallinn URS"]
[Date "1983.02.23"]
[Round "3"]
[White "Suba, Mihai"]
[Black "Szekely, Peter"]
[Result "1/2-1/2"]
[WhiteElo "2535"]
[BlackElo "2435"]
[EventDate "1983.02.21"]
[PlyCount "76"]

1.d4 Nf6 2.c4 e6 3.Nc3 Bb4 4.e3 O-O 5.Bd3 d5 6.Ne2 dxc4 7.Bxc4 e5 8.O-O 
Nc6 9.d5 Ne7 10.e4 Ng6 11.a3 Bd6 12.f3 Nh5 13.Be3 Nhf4 14.g3 Nxe2+ 15.Qxe2
a6 16.Bd3 Bd7 17.Rac1 Rc8 18.Nb1 c6 19.dxc6 Rxc6 20.Nc3 Be6 21.Na4 Ne7 22.
Nc5 Bxc5 23.Rxc5 Rxc5 24.Bxc5 Qc7 25.Rc1 Rd8 26.Qe3 Nc6 27.Kf2 Qd7 28.Rd1 
Qc8 29.Bb6 Rd6 30.Rc1 h6 31.b4 Kh7 32.Bc5 Rd7 33.Bb6 Rxd3 34.Qxd3 Nxb4 35.
Rxc8 Nxd3+ 36.Ke3 Bxc8 37.Kxd3 Bd7 38.Kc4 f6 1/2-1/2

[Event "8th Paul Keres mem"]
[Site "Tallinn URS"]
[Date "1983.02.23"]
[Round "3"]
[White "Tal, Mikhail"]
[Black "Petrosian, Tigran"]
[Result "1/2-1/2"]
[WhiteElo "2620"]
[BlackElo "2605"]
[EventDate "1983.02.21"]
[PlyCount "28"]

1.e4 e6 2.d4 d5 3.Nd2 c5 4.exd5 exd5 5.Ngf3 Nc6 6.Bb5 Bd6 7.dxc5 Bxc5 8.
Nb3 Bd6 9.O-O Ne7 10.c4 dxc4 11.Bxc4 O-O 12.Be3 Bg4 13.h3 Bxf3 14.Qxf3 Ne5
1/2-1/2

[Event "8th Paul Keres mem"]
[Site "Tallinn URS"]
[Date "1983.02.23"]
[Round "3"]
[White "Veingold, Aleksander"]
[Black "Karner, Hillar"]
[Result "1/2-1/2"]
[WhiteElo "2430"]
[BlackElo "2405"]
[EventDate "1983.02.21"]
[PlyCount "66"]

1.d4 e6 2.c4 Nf6 3.Nf3 Bb4+ 4.Bd2 Qe7 5.g3 Nc6 6.Nc3 d5 7.cxd5 exd5 8.Bg2 
Bg4 9.Ne5 Bd7 10.Nxd7 Qxd7 11.O-O O-O 12.Bf4 Rfe8 13.Qd3 h6 14.a3 Bf8 15.
b4 Ne7 16.Be5 Nh7 17.h4 c6 18.e4 Rad8 19.exd5 Nxd5 20.Nxd5 cxd5 21.Rfe1 
Bd6 22.Bxd6 Rxe1+ 23.Rxe1 Qxd6 24.Qb5 Qd7 25.Qxd7 Rxd7 26.Re8+ Nf8 27.Ra8 
b6 28.Kf1 g6 29.Bh3 Rc7 30.Rc8 Rxc8 31.Bxc8 Kg7 32.g4 g5 33.h5 Ne6 1/2-1/2

[Event "8th Paul Keres mem"]
[Site "Tallinn URS"]
[Date "1983.02.25"]
[Round "4"]
[White "Abramovic, Bosko"]
[Black "Suba, Mihai"]
[Result "1/2-1/2"]
[WhiteElo "2475"]
[BlackElo "2535"]
[EventDate "1983.02.21"]
[PlyCount "87"]

1.e4 c5 2.Nf3 d6 3.d4 Nf6 4.Nc3 cxd4 5.Nxd4 e6 6.Be2 a6 7.O-O Qc7 8.f4 Be7
9.Kh1 O-O 10.a4 Rd8 11.Bf3 Nc6 12.Nb3 b6 13.Qe1 Rb8 14.Bd2 Nd7 15.Nd5 exd5
16.exd5 Nce5 17.fxe5 Nxe5 18.Nd4 Bb7 19.Be4 Re8 20.Qg3 Bf8 21.Bc3 g6 22.
Rae1 Bg7 23.Nc6 Rbc8 24.a5 b5 25.Bd4 Nxc6 26.Bxg7 Kxg7 27.dxc6 Bxc6 28.
Qc3+ Re5 29.Bxc6 Qxc6 30.Qd3 Rce8 31.Rd1 Re2 32.Qg3 R8e5 33.Rd3 Rxc2 34.
Rdf3 f5 35.h3 Rxb2 36.Rc3 Rc5 37.Re3 Rcc2 38.Re7+ Kf8 39.Rxf5+ Kxe7 40.
Qe3+ Kd7 41.Rf7+ Kc8 42.Rf8+ Kb7 43.Rf7+ Kc8 44.Rf8+ 1/2-1/2

[Event "8th Paul Keres mem"]
[Site "Tallinn URS"]
[Date "1983.02.25"]
[Round "4"]
[White "Arnason, Jon"]
[Black "Veingold, Aleksander"]
[Result "1/2-1/2"]
[WhiteElo "2460"]
[BlackElo "2430"]
[EventDate "1983.02.21"]
[PlyCount "84"]

1.e4 c5 2.Nf3 d6 3.d4 cxd4 4.Nxd4 Nf6 5.Nc3 e6 6.Be2 Nc6 7.O-O Be7 8.Kh1 
Bd7 9.Nb3 a6 10.a4 Na5 11.Nxa5 Qxa5 12.Bd2 Qc7 13.Bd3 O-O 14.Qe2 Bc6 15.f4
Rad8 16.Rad1 d5 17.e5 Nd7 18.b4 d4 19.Ne4 g6 20.a5 b5 21.Qf2 f6 22.exf6 
Nxf6 23.Ng5 Bd5 24.Qg3 Nh5 25.Qg4 Bxg5 26.Qxg5 Ng7 27.Rde1 Bc4 28.Qe5 Qxe5
29.Rxe5 Rc8 30.Rc1 Bxd3 31.cxd3 Rxc1+ 32.Bxc1 Rc8 33.Rc5 Rxc5 34.bxc5 Kf7 
35.g4 e5 36.c6 Ke6 37.fxe5 Ne8 38.Ba3 Kxe5 39.Kg2 Nc7 40.Kf3 Kd5 41.h4 Ne6
42.h5 Ng5+ 1/2-1/2

[Event "8th Paul Keres mem"]
[Site "Tallinn URS"]
[Date "1983.02.25"]
[Round "4"]
[White "Karner, Hillar"]
[Black "Tal, Mikhail"]
[Result "1-0"]
[WhiteElo "2405"]
[BlackElo "2620"]
[EventDate "1983.02.21"]
[PlyCount "103"]

1.d4 Nf6 2.Nf3 e6 3.g3 b5 4.Bg2 Bb7 5.O-O c5 6.Nbd2 Na6 7.e4 cxd4 8.e5 Ng8
9.Nb3 Qb6 10.a4 bxa4 11.Rxa4 Nc5 12.Nxc5 Bxc5 13.Nxd4 Bxg2 14.Kxg2 Ne7 15.
Qf3 O-O 16.Nb3 Ng6 17.Bf4 Rac8 18.Nxc5 Qxc5 19.Rd1 Qxc2 20.Rxa7 Rc4 21.Ra8
Qxb2 22.Rxf8+ Nxf8 23.Qa8 Rc2 24.Qa7 h6 25.h4 Qb5 26.Qa8 Rc4 27.h5 Rb4 28.
Ra1 Rd4 29.Ra5 Qc4 30.Be3 Rd5 31.Ra4 Qe2 32.Rb4 Qxh5 33.Rb8 Rd1 34.Rxf8+ 
Kh7 35.Rh8+ Kg6 36.Qe4+ f5 37.Qh4 Qxh4 38.gxh4 Kh5 39.Rd8 Kxh4 40.Kf3 Kh5 
41.Bc5 Rd3+ 42.Ke2 Rd5 43.Bd6 Kg4 44.Rxd7 g5 45.Re7 f4 46.Rxe6 h5 47.Rg6 
Kf5 48.Rf6+ Kg4 49.Rg6 Kf5 50.Rh6 h4 51.f3 Rb5 52.Rf6# 1-0

[Event "8th Paul Keres mem"]
[Site "Tallinn URS"]
[Date "1983.02.25"]
[Round "4"]
[White "Nei, Iivo"]
[Black "Jansa, Vlastimil"]
[Result "1/2-1/2"]
[WhiteElo "2495"]
[BlackElo "2440"]
[EventDate "1983.02.21"]
[PlyCount "84"]

1.d4 Nf6 2.c4 g6 3.Nc3 d5 4.Nf3 Bg7 5.e3 O-O 6.Be2 c5 7.O-O cxd4 8.exd4 
Nc6 9.Bf4 Bg4 10.c5 Ne4 11.Rc1 e6 12.Ne1 Nxc3 13.bxc3 Bxe2 14.Qxe2 Qa5 15.
Nd3 b6 16.Bd6 Rfe8 17.Qb2 bxc5 18.Nxc5 Qb6 19.Nb3 Na5 20.Bf4 Rac8 21.Qb1 
Nc4 22.Qd3 Bf8 23.h3 a5 24.Rc2 a4 25.Nc1 Na3 26.Rd2 Rc4 27.Ne2 Rec8 28.Qf3
Qc6 29.Rd3 Nb5 30.Rc1 Ba3 31.Be5 Be7 32.Bf4 Nd6 33.Bxd6 Qxd6 34.Rb1 Rb8 
35.Rdd1 Rbc8 36.Qd3 Qa3 37.Rd2 Kg7 38.Rdb2 R8c7 39.Qd2 h6 40.Rb8 Bg5 41.f4
Bf6 42.Kh2 Be7 1/2-1/2

[Event "8th Paul Keres mem"]
[Site "Tallinn URS"]
[Date "1983.02.25"]
[Round "4"]
[White "Szekely, Peter"]
[Black "Psakhis, Lev"]
[Result "1/2-1/2"]
[WhiteElo "2435"]
[BlackElo "2580"]
[EventDate "1983.02.21"]
[PlyCount "115"]

1.Nf3 b5 2.e4 Bb7 3.Bxb5 Bxe4 4.O-O Nf6 5.d4 e6 6.Be2 Be7 7.c4 Bb7 8.Nc3 
O-O 9.h3 d6 10.Be3 Nbd7 11.b4 Ne4 12.Nxe4 Bxe4 13.Nd2 Bb7 14.Bf3 Qc8 15.a3
a5 16.Qc2 c5 17.dxc5 dxc5 18.b5 f5 19.Bxb7 Qxb7 20.f4 Qc7 21.Nf3 Bf6 22.
Rad1 Nb6 23.Rd3 Rfd8 24.Rfd1 Rxd3 25.Rxd3 a4 26.Rd1 h6 27.Kh1 Rc8 28.Bd2 
Ra8 29.Be3 Kf7 30.Rd3 Rg8 31.Bd2 g5 32.Ba5 gxf4 33.Bxb6 Qxb6 34.Rd7+ Ke8 
35.Qd2 Bd4 36.Rh7 Bg7 37.Qxf4 Qd8 38.Qe3 Qd1+ 39.Kh2 Qd6+ 40.Kh1 Kf8 41.
Qe2 Kf7 42.Nh4 Qg3 43.Qh5+ Kf6 44.Nf3 Rd8 45.Rxh6+ Ke7 46.Rh7 Rd1+ 47.Ng1 
Rb1 48.Qh6 Kf7 49.Qd2 Kg8 50.Rxg7+ Qxg7 51.Qd8+ Kh7 52.Qe8 Qd4 53.Qf7+ Kh6
54.Qxe6+ Kg5 55.Qe7+ Kg6 56.Qe8+ Kf6 57.Qf8+ Kg6 58.Qe8+ 1/2-1/2

[Event "8th Paul Keres mem"]
[Site "Tallinn URS"]
[Date "1983.02.26"]
[Round "5"]
[White "Boensch, Uwe"]
[Black "Karner, Hillar"]
[Result "1/2-1/2"]
[WhiteElo "2450"]
[BlackElo "2405"]
[EventDate "1983.02.21"]
[PlyCount "156"]

1.d4 Nf6 2.c4 e6 3.Nf3 b6 4.a3 Ba6 5.Qc2 c5 6.d5 exd5 7.cxd5 Bb7 8.e4 Qe7 
9.Bd3 Nxd5 10.O-O Nc7 11.Nc3 Ne6 12.Bc4 Nc6 13.Rd1 a6 14.Be3 Rc8 15.Na4 
Qd8 16.Bxe6 fxe6 17.Qb3 Na5 18.Qxb6 Bc6 19.Qxd8+ Rxd8 20.Nc3 Nb3 21.Rab1 
Be7 22.e5 h6 23.Nd2 Nxd2 24.Bxd2 O-O 25.Ne2 Rb8 26.Bc3 Rb3 27.Rd2 Ra8 28.
Re1 a5 29.Ng3 a4 30.Ne4 Rf8 31.f3 Rf4 32.Rc2 Bxe4 33.fxe4 Rf8 34.Rd1 Rb7 
35.Bd2 Rfb8 36.Bc1 Kf7 37.Rc4 Ra8 38.Rf1+ Ke8 39.Rf2 Rb3 40.Rfc2 Ra7 41.
Kf2 Rd3 42.Be3 Rb3 43.Ke2 Ra5 44.Bc1 d5 45.exd6 Bxd6 46.Bd2 Ra6 47.Bc3 Rb7
48.e5 Bf8 49.Kf3 Rf7+ 50.Kg4 Rf5 51.Re2 h5+ 52.Kg3 Rf7 53.Ree4 Rfa7 54.Rh4
g6 55.Rhf4 Be7 56.Kf3 g5 57.Rfe4 g4+ 58.Ke2 Kd7 59.Rf4 Kc6 60.Rf1 Kb5 61.
Rcf4 Bg5 62.Rf8 Ra8 63.R8f7 R6a7 64.Rxa7 Rxa7 65.Rf8 Kc4 66.Rb8 Bc1 67.g3 
Ra6 68.Rb7 Ra8 69.Rb6 Re8 70.Rb7 Rh8 71.Be1 Rf8 72.Rb6 Rf3 73.Bc3 h4 74.
Rxe6 hxg3 75.hxg3 Rxg3 76.Rg6 Bf4 77.e6 Kd5 78.e7 Re3+ 1/2-1/2

[Event "8th Paul Keres mem"]
[Site "Tallinn URS"]
[Date "1983.02.26"]
[Round "5"]
[White "Ehlvest, Jaan"]
[Black "Szekely, Peter"]
[Result "1/2-1/2"]
[WhiteElo "2460"]
[BlackElo "2435"]
[EventDate "1983.02.21"]
[PlyCount "81"]

1.d4 Nf6 2.c4 g6 3.Nc3 Bg7 4.e4 d6 5.f4 O-O 6.Nf3 c5 7.d5 e6 8.Be2 exd5 9.
cxd5 Nbd7 10.O-O Re8 11.Nd2 a6 12.a4 c4 13.Kh1 Nc5 14.Bf3 Bd7 15.e5 dxe5 
16.fxe5 Rxe5 17.Nxc4 Re8 18.Bf4 Nfe4 19.Nxe4 Nxe4 20.Rc1 Rc8 21.Bxe4 Rxe4 
22.Nd6 Rxf4 23.Rxf4 Rxc1 24.Qxc1 Bh6 25.Nxf7 Bxf4 26.Qxf4 Qf8 27.Nh6+ Kg7 
28.Qc1 Qd6 29.h3 Qxd5 30.Ng4 Bxg4 31.hxg4 Kf6 32.Qc7 Qd1+ 33.Kh2 Qxg4 34.
Qxb7 Qh4+ 35.Kg1 Qe1+ 36.Kh2 Qh4+ 37.Kg1 Qxa4 38.Qxh7 Qd1+ 39.Kf2 Qd2+ 40.
Kf3 Qd3+ 41.Kf2 1/2-1/2

[Event "8th Paul Keres mem"]
[Site "Tallinn URS"]
[Date "1983.02.26"]
[Round "5"]
[White "Jansa, Vlastimil"]
[Black "Schussler, Harry"]
[Result "1-0"]
[WhiteElo "2440"]
[BlackElo "2485"]
[EventDate "1983.02.21"]
[PlyCount "39"]

1.Nf3 Nf6 2.g3 e6 3.Bg2 d5 4.O-O Be7 5.d3 O-O 6.Nbd2 c5 7.e4 Nc6 8.Re1 Kh8
9.c3 b5 10.e5 Ng8 11.h4 c4 12.a4 Ba6 13.axb5 Bxb5 14.dxc4 dxc4 15.b3 Qc8 
16.Nxc4 Bxc4 17.bxc4 Bc5 18.Ng5 Nge7 19.Qh5 h6 20.Ne4 1-0

[Event "8th Paul Keres mem"]
[Site "Tallinn URS"]
[Date "1983.02.26"]
[Round "5"]
[White "Psakhis, Lev"]
[Black "Abramovic, Bosko"]
[Result "1/2-1/2"]
[WhiteElo "2580"]
[BlackElo "2475"]
[EventDate "1983.02.21"]
[PlyCount "81"]

1.e4 e5 2.Nf3 Nc6 3.Bb5 a6 4.Ba4 Nf6 5.O-O Be7 6.Re1 b5 7.Bb3 d6 8.c3 O-O 
9.h3 Nb8 10.d4 Nbd7 11.Nbd2 Bb7 12.Bc2 Re8 13.Nf1 Bf8 14.Bg5 h6 15.Bh4 c5 
16.dxe5 dxe5 17.N3h2 Qb6 18.Qf3 Re6 19.Ne3 c4 20.Nhg4 Nxg4 21.hxg4 Nf6 22.
Rad1 Rae8 23.b3 cxb3 24.axb3 Qc5 25.Nf5 Qc6 26.b4 g6 27.Nxh6+ Bxh6 28.g5 
Bg7 29.gxf6 Bxf6 30.Bxf6 Rxf6 31.Qe3 Qb6 32.Bb3 Bc8 33.Rd5 Qxe3 34.Rxe3 
Kf8 35.Rc5 Rd6 36.Rg3 Be6 37.Bxe6 Rexe6 38.Rg5 Rd1+ 39.Kh2 Rd3 40.Rg3 Rdd6
41.Rf3 1/2-1/2

[Event "8th Paul Keres mem"]
[Site "Tallinn URS"]
[Date "1983.02.26"]
[Round "5"]
[White "Tal, Mikhail"]
[Black "Arnason, Jon"]
[Result "1-0"]
[WhiteElo "2620"]
[BlackElo "2460"]
[EventDate "1983.02.21"]
[PlyCount "98"]

1.c4 e5 2.g3 d6 3.Bg2 g6 4.d4 Nd7 5.Nf3 Bg7 6.O-O Ne7 7.Nc3 O-O 8.e4 exd4 
9.Nxd4 Ne5 10.b3 N7c6 11.Nxc6 bxc6 12.Bb2 Rb8 13.Qd2 Bh3 14.f4 Bxg2 15.
Kxg2 Nd7 16.Rad1 Nf6 17.Rfe1 Qc8 18.Na4 c5 19.e5 Qb7+ 20.Kg1 Ne4 21.Qd3 f5
22.exf6 Nxf6 23.Re7 Rf7 24.Rde1 Rbf8 25.f5 Rxe7 26.Rxe7 Rf7 27.Qe2 Rxe7 
28.Qxe7 Qe4 29.Qxe4 Nxe4 30.fxg6 hxg6 31.Bc1 Kf7 32.Kg2 c6 33.Kf3 d5 34.
Be3 Bd4 35.Bxd4 cxd4 36.cxd5 cxd5 37.Nb2 Kf6 38.h4 Nd2+ 39.Kf4 a5 40.Nd3 
Ne4 41.a4 Ke6 42.g4 Kf6 43.b4 axb4 44.Nxb4 Nc5 45.a5 d3 46.Nxd5+ Ke6 47.
Ne3 d2 48.Kg5 Kf7 49.Kh6 Ne4 1-0

[Event "8th Paul Keres mem"]
[Site "Tallinn URS"]
[Date "1983.02.26"]
[Round "5"]
[White "Veingold, Aleksander"]
[Black "Nei, Iivo"]
[Result "1/2-1/2"]
[WhiteElo "2430"]
[BlackElo "2495"]
[EventDate "1983.02.21"]
[PlyCount "85"]

1.d4 Nf6 2.c4 e6 3.Nc3 d5 4.cxd5 exd5 5.Bg5 Be7 6.e3 c6 7.Bd3 Nbd7 8.Nge2 
O-O 9.Qc2 Re8 10.O-O Nf8 11.Rab1 a6 12.b4 Bg4 13.Na4 Bxe2 14.Bxe2 Ne4 15.
Bxe7 Rxe7 16.Nc5 Nd6 17.a4 Rc8 18.Qb3 Nd7 19.Nxd7 Qxd7 20.b5 axb5 21.axb5 
Ne4 22.bxc6 bxc6 23.Qb4 g6 24.Rfc1 Kg7 25.Bd3 Rc7 26.Bxe4 Rxe4 27.Qc5 Re7 
28.Rb6 Re6 29.h4 h5 30.g3 Qe8 31.Kg2 Qd7 32.Rc2 Rc8 33.Rcb2 Rf6 34.Rb8 Qf5
35.Rxc8 Qxc8 36.Qc2 Qc7 37.Rb5 Qa7 38.Rb4 Qc7 39.Rb3 Qa7 40.Rc3 Qd7 41.Kg1
Qb7 42.Rb3 Qa7 43.Qb2 1/2-1/2

[Event "8th Paul Keres mem"]
[Site "Tallinn URS"]
[Date "1983.02.27"]
[Round "6"]
[White "Abramovic, Bosko"]
[Black "Ehlvest, Jaan"]
[Result "1/2-1/2"]
[WhiteElo "2475"]
[BlackElo "2460"]
[EventDate "1983.02.21"]
[PlyCount "103"]

1.e4 c5 2.Nf3 e6 3.d4 cxd4 4.Nxd4 Nf6 5.Nc3 d6 6.Be2 Be7 7.O-O Nc6 8.Be3 
Bd7 9.Ndb5 Qb8 10.a4 O-O 11.f4 Rd8 12.Bf3 Nb4 13.Qe2 e5 14.Rad1 h6 15.Rd2 
Be6 16.Rfd1 a6 17.Na3 exf4 18.Bxf4 Qc7 19.h3 Rac8 20.Kh1 Nc6 21.Nc4 Ne5 
22.Ne3 Qb6 23.Ncd5 Bxd5 24.exd5 Ng6 25.Bh2 Qxb2 26.c4 Qa3 27.Rb1 Rb8 28.
Ra2 Qc5 29.Rab2 Qc8 30.Rb6 Ne5 31.Bg4 Nfxg4 32.hxg4 g6 33.Bxe5 dxe5 34.Qd3
Bg5 35.Rf1 Qc7 36.c5 Bxe3 37.Qxe3 Rxd5 38.Qxh6 Rd7 39.Rb3 f6 40.Rh3 Rh7 
41.Qxg6+ Qg7 42.Rxf6 Qxg6 43.Rxg6+ Rg7 44.Rgh6 Re8 45.c6 bxc6 46.Rxc6 e4 
47.Re3 Rxg4 48.Kh2 Kf7 49.Kh3 Rg5 50.g4 Rd5 51.Kg3 Rd1 52.Rxa6 1/2-1/2

[Event "8th Paul Keres mem"]
[Site "Tallinn URS"]
[Date "1983.02.27"]
[Round "6"]
[White "Arnason, Jon"]
[Black "Boensch, Uwe"]
[Result "1/2-1/2"]
[WhiteElo "2460"]
[BlackElo "2450"]
[EventDate "1983.02.21"]
[PlyCount "73"]

1.e4 c5 2.Nf3 d6 3.d4 cxd4 4.Nxd4 Nf6 5.Nc3 e6 6.Be2 Nc6 7.O-O Be7 8.Kh1 
O-O 9.f4 Nxd4 10.Qxd4 Bd7 11.e5 Ne8 12.Bd3 Bc6 13.Qe3 g6 14.Ne4 d5 15.Nd2 
Qb6 16.Nb3 Nc7 17.Qe1 Bb5 18.Be3 Qa6 19.Bc5 Bxd3 20.cxd3 Bxc5 21.Nxc5 Qb5 
22.Rc1 Rfc8 23.a4 Qxb2 24.Nd7 Ne8 25.Rb1 Qc3 26.Qh4 Rc7 27.Qe7 Ng7 28.Rxb7
Kh8 29.Rxc7 Qxc7 30.Rb1 Rc8 31.h3 Nh5 32.Kh2 Kg7 33.Rb4 Rd8 34.Rb7 Qc1 35.
Qxd8 Qxf4+ 36.Kg1 Qe3+ 37.Kh2 1/2-1/2